[Event "London Classic 3rd"]
[Site "London"]
[Date "2011.12.04"]
[Round "2"]
[White "Nakamura, Hikaru"]
[Black "Aronian, Levon"]
[Result "1-0"]
[WhiteElo "2758"]
[BlackElo "2802"]
[Annotator "RR"]
[PlyCount "107"]
[EventDate "2011.12.03"]
[EventType "tourn"]
[EventRounds "9"]
[EventCountry "ENG"]
[EventCategory "20"]
[SourceTitle "CBM 146"]
[Source "ChessBase"]
[SourceDate "2012.01.18"]
[SourceVersion "1"]
[SourceVersionDate "2012.01.18"]
[SourceQuality "1"]

1. d4 {Marin,Mihail} d5 2. c4 e6 3. Nc3 Be7 4. cxd5 exd5 5. Bf4 c6 6. e3 Bf5 7. Nge2 Nd7 8. Ng3 Bg6 9. Be2 Nb6 ({RR} 9... Ngf6 10. h4) ({RR} 9... Qb6 10. Qd2 h5) 10. Be5 ({RR} 10. Rc1 Nf6 11. h4 h6 ({RR} 11... h5 12. Bg5 Kf8 13. Bxf6 Bxf6 14. Bxh5 Bxh5 15. Nxh5 Bxh4 16. Nf4 g6) 12. h5 Bh7 13. Bd3 Bxd3 14. Qxd3 O-O 15. Nf5 Re8 16. f3 Bf8 17. Kf2 {½-½ (17) Grischuk,A (2747)-Aronian,L (2808) Kazan 2011 CBM 143 [Marin,Mihail]} {RR} Nc4 18. b3 Nd6) ({RR} 10. Qb3 Nf6 11. Rc1 O-O 12. h4 h6 13. h5 Bh7 14. O-O Bd6 15. Bxd6 Qxd6 16. a4 Rab8 17. a5 Nbd7 18. Qa4 a6 19. b4 Rfe8 20. Rfd1 Nf8 21. Qb3 Ne6 22. Na4 Ng5 23. Nc5 Nge4 24. Nf1 Ng5 {Bevis,N (1993)-Majeed,H (2135) Wells ENG 2026 ½-½ (85)}) 10... Nf6 $146 ({RR} 10... f6 11. Bf4 Bd6 12. Bxd6 Qxd6 13. h4 Ne7 14. h5 Bf7 15. Bd3 Qd7 16. Qc2 h6 17. Nce2 a5 18. Nf4 a4 19. Rh4 Nc4 20. Nf5 Nxf5 21. Bxf5 Qe7 22. a3 Ra5 23. Rg4 O-O 24. Rg3 Rb5 25. Qe2 {Berczes,D (2514)-Akesson,R (2484) Stockholm 2009 1-0 (39)}) 11. h4 h6 12. h5 Bh7 13. Bd3 O-O 14. Bxh7+ Kxh7 15. Qc2+ Kh8 16. Nf5 Nc4 17. b3 Nxe5 18. dxe5 Ng4 19. f4 Qd7 20. O-O-O f6 21. e4 fxe5 22. Qe2 Nf6 23. Nh4 exf4 24. Ng6+ Kg8 25. Nxf8 Bxf8 26. exd5 cxd5 27. Qd3 Rd8 28. Kb1 Bc5 29. Rhf1 Be3 30. g3 d4 31. gxf4 Qe7 32. Rde1 Rd7 33. Nd1 Nd5 34. Nxe3 dxe3 35. Rc1 Rd8 36. Qf5 Qe8 37. Rfe1 b6 38. a3 $6 (38. Ka1 Qf8 39. Qe5 $16) 38... Kh8 39. Kb2 a5 $2 (39... e2 40. Rc2 Qe3 $14) 40. Rc4 $6 (40. Rcd1 Qg8 41. Qe5 $18) 40... Nf6 $16 41. Qe5 Qf8 42. Qxe3 b5 43. Rd4 b4 44. a4 Rxd4 45. Qxd4 Nxh5 46. Re5 Nxf4 47. Rxa5 Ne6 48. Qd2 g5 49. Ra6 Qf6+ 50. Ka2 Qe5 51. Qb2 Qxb2+ 52. Kxb2 Nf4 53. Rxh6+ Kg7 54. Rd6 1-0

[Event "RUS-ch51"]
[Site "St Petersburg"]
[Date "1998.08.04"]
[Round "8"]
[White "Volkov, Sergey"]
[Black "Dreev, Alexey"]
[Result "0-1"]
[WhiteElo "2605"]
[BlackElo "2645"]
[Annotator "Hecht,Hans Joachim"]
[PlyCount "134"]
[EventDate "1998.07.28"]
[EventType "swiss"]
[EventRounds "11"]
[EventCountry "RUS"]
[SourceTitle "CBM 067"]
[Source "ChessBase"]
[SourceDate "1998.11.30"]
[SourceVersion "2"]
[SourceVersionDate "1998.11.01"]
[SourceQuality "1"]

1. d4 {ChessBase} d5 2. c4 c6 3. Nc3 Nf6 4. e3 e6 5. Bd2 Nbd7 6. Qc2 b6 ({RR} 6... Bd6 7. e4 Nxe4 8. Nxe4 dxe4 9. Qxe4 c5 10. dxc5 Nxc5 11. Qe3 O-O 12. b4 Nd7 13. c5 Be7 14. Rc1 a5 15. a3 axb4 16. axb4 Nf6 17. Nf3 Bd7 18. Ne5 Bc6 19. Bd3 Qc7 20. O-O Rfd8 21. Rfd1 {Mamedyarov,S (2752)-Cheparinov,I (2670) Khanty-Mansiysk 2007 CBM 122 [ChessBase] ½-½}) ({RR} 6... Bd6 7. Rc1 O-O 8. Nf3 Qe7 9. Bd3 dxc4 10. Bxc4 e5 11. dxe5 Nxe5 12. Be2 Bg4 13. Nd4 Bxe2 14. Ncxe2 Bc7 15. Qc5 Nd3+ {0-1 (15) Modes,A (1589)-Moritani,S (1578) Sao Paulo 2022}) 7. cxd5 exd5 8. Bd3 Be7 $146 ({RR} 8... Bb7 9. Nf3 Be7 10. O-O O-O 11. Ne5 c5 12. f4 a6 13. a4 Nb8 14. Bf5 Nc6 15. Ne2 g6 16. Bh3 Ne4 17. Rad1 Qc7 18. Be1 Rad8 19. Kh1 Rfe8 20. Nc3 Nxc3 21. Bxc3 Nxe5 22. fxe5 Bc8 23. Bxc8 {Landa,K (2520)-Dreev,A (2645) Samara 1998 ½-½ (48)}) ({RR} 8... Bb7 9. Nf3 Qc7 10. O-O Be7 11. Rae1 O-O 12. e4 dxe4 13. Nxe4 h6 14. Bxh6 gxh6 15. Qd2 Rfe8 16. Qxh6 c5 17. Nxf6+ Nxf6 18. Re5 {1-0 (18) Volkov,S (2587)-Galliamova,A (2558) Novgorod 1999}) 9. Nge2 Bb7 10. Ng3 g6 11. h4 Qc7 12. e4 c5 13. Nxd5 Nxd5 14. exd5 Bxd5 15. h5 Bf6 16. hxg6 hxg6 17. Rxh8+ Bxh8 18. Bxg6 Bxd4 19. Be4 Bxe4 20. Nxe4 O-O-O 21. O-O-O Ne5 22. Bg5 Rd5 23. Nc3 Nd3+ 24. Qxd3 Rxg5 25. Qf3 Qb7 26. Ne4 Rg6 27. Qd3 Qd5 28. Kb1 Kb7 29. g4 Re6 30. f3 a6 31. Rh1 Re7 32. Rh5 Qe6 33. a3 Rd7 34. Qc2 c4 35. Rh1 Be5 36. Rd1 Rc7 37. Nc3 Qg6 38. Qxg6 fxg6 { Starker Läufer bei verteilten Bauernmehrheiten.} 39. Ne4 Kc6 40. Kc2 Rh7 41. Rd2 Bf4 42. Rd8 Rh2+ 43. Kc3 b5 44. Kd4 Rxb2 45. Rg8 g5 46. Rg6+ Kc7 47. Rxa6 Rb3 48. Kd5 (48. a4 Be3+ (48... Rd3+ 49. Kc5 c3 50. Rc6+ Kd8 51. Kxb5) 49. Ke5 (49. Kd5 Rd3+ 50. Ke6 b4 $19) 49... b4 $19) 48... Rxf3 49. Rc6+ Kd7 50. Kc5 (50. Rb6 Rd3+ 51. Kc5 Be3+ $19) 50... Rb3 51. Nf6+ Ke7 52. Nd5+ Kf7 53. Nb4 {Zu versuchen war:} (53. Nxf4 gxf4 54. a4 bxa4 55. Kxc4 Rb1 56. Kd3 (56. Ra6 f3 57. g5 Kg7 $19)) 53... Bc1 54. Rc7+ (54. Kxb5 Bxa3 55. Rxc4 Bxb4 56. Rxb4 Rxb4+ 57. Kxb4 Ke6 58. Kc4 Ke5 59. Kd3 Kf4 60. Ke2 Kxg4 61. Kf2 Kh3 $19) 54... Ke6 55. Nc2 Ke5 56. Rf7 Ke4 57. a4 bxa4 58. Kxc4 Bb2 {[%cal Rb3c3]} 59. Rf2 Rf3 60. Re2+ Kf4 61. Ne1 Rc3+ 62. Kb4 a3 63. Rg2 Rg3 64. Rf2+ Kxg4 65. Rf1 Bc3+ 66. Kc4 Bxe1 67. Rxe1 a2 0-1

[Event "Tata Steel-A 87th"]
[Site "Wijk aan Zee"]
[Date "2025.01.24"]
[Round "6"]
[White "Sarana, Alexey"]
[Black "Fedoseev, Vladimir1"]
[Result "1-0"]
[WhiteElo "2677"]
[BlackElo "2717"]
[PlyCount "89"]
[EventDate "2025.01.18"]
[EventType "tourn"]
[EventRounds "13"]
[EventCountry "NED"]
[EventCategory "19"]
[SourceTitle "Mega2025 Update 14"]
[Source "Chessbase"]
[SourceDate "2025.02.07"]
[SourceVersion "1"]
[SourceVersionDate "2025.02.07"]
[SourceQuality "1"]

1. d4 {Stohl,Igor} d5 2. c4 e6 3. Nc3 Be7 4. cxd5 exd5 5. Bf4 c6 6. Qc2 ({RR} 6. e3 Bf5 7. g4 ({RR} 7. Nge2) ({RR} 7. Bd3 Bxd3 8. Qxd3 Nf6 9. Nge2 Nh5 10. Bxb8 Rxb8 11. f3 O-O 12. O-O f5 13. a3 a6 14. b4 Qd7 15. Rae1 Rbe8 16. Nc1 a5 17. bxa5 Bxa3 18. Nxd5 Bxc1 19. Nb6 Qe6 20. Rxc1 Qxe3+ 21. Qxe3 Rxe3) 7... Be6 8. h4 Nd7 9. g5 ({RR} 9. h5) ({RR} 9. Bg3) 9... h6 10. g6 Ngf6 ({RR} 10... fxg6 11. Bd3 Nf8 ({RR} 11... Bf7 12. Qc2 Nf8 13. Nf3) 12. Nf3 Bf5 13. Ne5 Nf6 14. Rg1 Ne4 ({RR} 14... Rg8) 15. Bxe4 Bxe4 ({RR} 15... dxe4 16. Qb3) 16. Nxe4 dxe4 17. Qb3 Qa5+ 18. Kf1 ({RR} 18. Ke2 Qa6+ 19. Kd1) 18... Qb5+ 19. Qxb5 cxb5 20. Rc1 Bxh4 21. Bh2 Bd8 ({RR} 21... h5 22. Rc7) 22. Rg4 Nd7 23. Rxg6 Bf6 24. Rc7 Nf8 25. Rg4) 11. gxf7+ Bxf7 12. Bd3 ({RR} 12. Nf3 Nh5) 12... Nh5 13. Be5 O-O 14. Qg4 Nhf6 15. Qg3 Nh5 16. Qg2 Nxe5 17. dxe5 Bb4 18. Nf3 d4 19. Nxd4 Nf4 20. exf4 Qxd4) 6... Nf6 7. h3 ({RR} 7. e3 Nh5 8. Be5 ({RR} 8. Bg3 Nd7 9. Bd3 g6 10. Nf3 O-O 11. Rb1 a5 12. a3 Re8 ({RR} 12... Nxg3 13. hxg3 Nf6) 13. Nxd5 cxd5 14. Bc7) 8... Nd7 9. Be2 ({RR} 9. Nf3 Nxe5 10. Nxe5 g6 11. Bd3 Ng7 12. O-O-O Bf5 13. g4 Bxd3 14. Nxd3 Qd7 15. h3 O-O-O 16. Kb1 Kb8 17. Rc1 Bd6 18. Na4 f5 19. Nac5 Qe7 20. gxf5 Nxf5 21. Qb3 Rhf8) 9... Nxe5 10. dxe5 g6 11. Bxh5 gxh5 12. O-O-O ({RR} 12. Nf3 f6 13. O-O ({RR} 13. e4 d4 14. exf6 Bxf6 15. O-O-O) 13... Bg4 14. exf6 Bxf6 15. Nd4 O-O 16. f3 Bd7 17. Rad1 Rc8 ({RR} 17... Qe7 18. Rfe1 Qg7) 18. Rfe1 Bg7 19. e4 c5 20. Nf5 Bxf5 21. exf5 d4 22. Qe4 ({RR} 22. Qb3+) 22... Qd7 23. g4 Rfe8 24. Qd5+ Qxd5 25. Nxd5 Rxe1+ 26. Rxe1 Rd8) ({RR} 12. Rd1 f6 13. exf6 Bxf6 14. Nge2 O-O ({RR} 14... Qe7 15. e4 d4 16. Nxd4 Qg7 17. Nde2 ({RR} 17. Nce2 Qxg2 18. Rg1 Qxh2 19. Qb3 Rf8 20. Ne6) 17... Qxg2 18. Rg1 Qxh2 19. Qb3 Rf8 20. f4 Bg4 21. Rxg4 hxg4 22. Qe6+ Be7 23. Rd7 Qh4+ 24. Kf1 Rf7 25. Rxb7 Kf8 26. Qxc6 Rd8) 15. O-O ({RR} 15. e4 Qb6 ({RR} 15... Bg4)) 15... Qe8 16. e4 dxe4 ({RR} 16... Qg6) 17. Nxe4 Bg7 18. N2c3 ({RR} 18. N2g3) 18... Bf5 19. Qb3+ Qe6 20. Qxe6+ Bxe6 21. Rd6 Rae8 22. Re1 b5 23. a3 a5 24. h4 b4 25. axb4 axb4 26. Na4 Bd5)) ({RR} 7. Nf3 g6 8. e3 Bf5 9. Bd3 Bxd3 10. Qxd3 Nbd7 11. O-O O-O 12. h3 Re8 13. Rab1 a5 14. Rfc1 Nb6 ({RR} 14... Bf8) 15. Nd2 Nh5 16. Bh2 Bd6 17. Bxd6 Qxd6 18. a3 Nf6 19. b4 Nfd7 20. bxa5 Rxa5 21. a4 Ra7) 7... Qa5 {was the old line (7...g6). war die alte Variante (7...g6).} ({RR} 7... g6 8. e3 Bf5 9. Qd2 ({RR} 9. Bd3 Bxd3 10. Qxd3 O-O) 9... h5 ({RR} 9... Ne4 10. Nxe4 Bxe4 11. f3 ({RR} 11. Ne2 Bd6 12. f3 Bf5 13. O-O-O) 11... Bf5 12. O-O-O a5) ({RR} 9... O-O 10. g4 Be6 11. Bd3 c5 12. Nge2) 10. Bd3 Bxd3 11. Qxd3 Nbd7 ({RR} 11... Bd6 12. Nf3) 12. Nge2 a5 ({RR} 12... O-O 13. O-O-O ({RR} 13. O-O Re8 14. f3)) 13. O-O O-O 14. f3 b5 ({RR} 14... Re8 15. e4 Nf8) ({RR} 14... h4 15. e4 Nb6) 15. e4 dxe4 16. fxe4 Nc5 17. Qf3 ({RR} 17. Qe3 Ne6 18. Bh6 Re8 19. Rad1) 17... Ne6 ({RR} 17... b4 18. e5 ({RR} 18. dxc5 bxc3 ({RR} 18... Bxc5+ 19. Kh1 bxc3 20. Bg5 ({RR} 20. Rad1 Nd7 21. Qxc3)) 19. Rad1 Qe8 20. Nxc3 Bxc5+ 21. Kh1) 18... Nh7 19. dxc5) 18. Be3 ({RR} 18. Rad1 Nxf4 19. Nxf4) 18... b4 ({RR} 18... Nh7 19. e5 ({RR} 19. Bf2) 19... Rc8) 19. Nb1 ({RR} 19. Na4) 19... Nh7 20. Nd2 Rc8 ({RR} 20... Nhg5 21. Qg3 ({RR} 21. Qf2 f5) 21... Nh7 22. Nc4 ({RR} 22. Qf2 Bh4 23. g3 Bg5 24. Rac1) 22... Bh4 23. Qf3 Nhg5 24. Bxg5 Bxg5 25. Rad1) ({RR} 20... f5 21. exf5 Rxf5 22. Qxc6) ({RR} 20... Bh4) 21. Rad1 Bh4 22. g3 {Carlsen,M (2835)-Aronian,L (2805) Wijk aan Zee 2012 CBM 147 [Stohl,Igor] 1-0 (68)} {RR} Bg5 23. Nc4 Bxe3+ ({RR} 23... h4) 24. Qxe3 Qg5) ({RR} 7... Na6 8. e3 Nb4 9. Qb1 g6 10. g4 h5 11. a3 Na6 12. Bxa6 bxa6 13. g5 Nh7 14. Be5 O-O 15. f4 Bf5 16. Qa2 f6 17. gxf6 Nxf6 18. Nge2 Ne4 19. Nxe4 Bxe4 20. Rg1 Qd7) ({RR} 7... O-O 8. e3 Nbd7 ({RR} 8... Bd6 9. Bxd6 Qxd6 10. Bd3 Be6 11. Nge2 Re8 12. g4 g6 13. Ng3 Na6 14. Bxa6 bxa6 15. g5 Nd7 16. Kf1 c5 17. Rd1 f5 18. Nge2 c4 19. Nf4 Bf7 20. h4 Nb6 21. Kg2 Rab8 22. Rh3 Qe7 23. Rdh1) 9. Nf3 Re8 ({RR} 9... g6 10. Bd3 Nh5 11. Bh2 Ng7 12. O-O Nb6) 10. Bd3 Nf8 11. O-O Ne6 12. Bh2 g6 13. Rab1 Ng7 14. b4 a6 15. Na4 Bf5 16. Nc5 Bxd3 17. Qxd3 Ra7 18. a4 Nf5 19. Rfc1 Ne4 20. Nxe4 dxe4 21. Qxe4 Bxb4 22. Qd3) ({RR} 7... Be6 8. e3 Nbd7 9. Nf3 h6 10. Bd3 Rc8 11. Bh2 a6 12. O-O O-O 13. a3 a5 14. Rae1 c5 15. Qd2 c4 16. Bb1 Re8 17. Ne5 Nxe5 18. dxe5 Nh7 19. Rd1 Rc5 20. f4 f5 21. g4) ({RR} 7... Nbd7 8. e3 Nf8 9. Nf3 Ne6 10. Bh2 O-O 11. Bd3 c5 12. dxc5 Nxc5 13. O-O Be6 14. Rad1 Rc8 15. Qb1 Qb6 16. Rd2 Nxd3 17. Qxd3 Bb4 18. Be5 Ne4 19. Rc2 Bxc3 20. Bxc3 Nxc3 21. bxc3 Bd7 22. Nd4 {Alonso Vargas,D (2157)-Castellanos Gomez,A (2298) Benasque ESP 2026 0-1 (64)}) 8. e3 ({RR} 8. Nf3 Ne4 9. Bd2 Nxd2 10. Nxd2 g6 11. e3 Bf5 12. Bd3 Bxd3 13. Qxd3 Qd8 14. O-O Nd7 15. Rfc1 O-O 16. Rab1 a5 17. Na4 Nb6 18. Nxb6 Qxb6 19. Nb3 a4) 8... Ne4 9. Bd3 ({RR} 9. a3 Bf5 10. Bd3 Na6 11. Rc1 Nxc3 12. Qxc3 Qxc3+ 13. Rxc3 Bxd3 14. Rxd3 O-O-O 15. Nf3 Nc7 16. Ke2 Bd6 17. Bxd6 Rxd6 18. Ne5 Rf8 19. Rc3 Nb5 20. Rc2 Re6 21. Kf3 Nd6) 9... Na6 $146 (9... Bf5 10. Nf3 Nxc3 11. bxc3 Bxd3 12. Qxd3 Qa6 13. Ke2 Qxd3+ 14. Kxd3 Nd7 15. a4 b6 {½-½ Korobov,A (2652)-Bacrot,E (2725) Wch Blitz Riadh 2017 (5)}) ({RR} 9... Bf5 10. a3 Na6 11. Ra2 Nxc3 12. bxc3 Bxd3 13. Qxd3 Nb8 14. Nf3 Nd7 15. O-O O-O 16. c4 dxc4 17. Qxc4 Nb6 18. Qb3 c5 19. dxc5 Bxc5 20. a4 Rac8 21. Be5 Bb4 22. Rb1 Bc3 23. Qb5 Qxb5 24. axb5 {Bluebaum,M (2618)-Meier,G (2636) Magdeburg 2019 ½-½ (33)}) 10. Qa4 Qb6 11. Qb3 Bf5 12. Bxe4 dxe4 13. Nge2 Nb4 14. O-O O-O 15. Qd1 Bg6 16. Bg3 f5 17. Nf4 Bf7 18. a3 Na6 19. b4 Qd8 20. d5 Qc8 21. Rc1 Rd8 22. Qa4 c5 23. Rfd1 cxb4 24. Nb5 Bc5 25. axb4 Nxb4 26. Bh4 Rd7 27. Nxa7 Qe8 28. Rxc5 Na6 29. Rcc1 Rxa7 30. d6 h6 31. Be7 b5 32. Qxb5 Rxe7 33. Qxe8+ Rxe8 34. d7 Nc7 35. d8=Q Rxd8 36. Rxd8+ Ne8 37. h4 Kh7 38. Ne6 Kg6 39. Nf4+ Kf6 40. Rcc8 g5 41. hxg5+ hxg5 42. Nd5+ Bxd5 43. Rxd5 Ke6 44. Rcc5 Nd6 45. g4 1-0

[Event "Belfort Comtois 4th"]
[Site "Belfort"]
[Date "1999.12.16"]
[Round "4"]
[White "Gurevich, Mikhail"]
[Black "Zvjaginsev, Vadim"]
[Result "1/2-1/2"]
[WhiteElo "2643"]
[BlackElo "2652"]
[Annotator "Gurevich,Mikhail"]
[PlyCount "34"]
[EventDate "1999.12.13"]
[EventType "tourn"]
[EventRounds "6"]
[EventCountry "FRA"]
[EventCategory "15"]
[SourceTitle "CBM 075"]
[Source "ChessBase"]
[SourceDate "2000.04.05"]
[SourceVersion "1"]
[SourceVersionDate "2000.04.05"]
[SourceQuality "1"]

1. c4 e6 2. Nc3 d5 3. d4 c6 4. e3 Nf6 5. Qc2 Nbd7 6. Bd2 g6 $5 7. Nf3 Bg7 8. Be2 O-O 9. O-O dxc4 $146 ({RR} 9... b6 10. e4 Nxe4 11. Nxe4 dxe4 12. Qxe4 Bb7 13. Rad1 Re8 14. Bc3 Qc7 15. Qe3 e5 16. dxe5 c5 17. Rfe1 Nxe5 18. Nxe5 Bxe5 19. Bxe5 Rxe5 20. Qd2 Rae8 21. Bf1 h5 22. Qf4 Rxe1 23. Qxc7 Rxd1 24. Qxb7 {Paravyan,D (2435)-Ter Sahakyan,S (2580) Moscow 2015 0-1 (42)}) 10. Bxc4 c5 11. dxc5 (11. Rfd1 cxd4 12. exd4 (12. Nxd4 Ne5 13. Be2 Bd7 14. e4 Rc8 $13) 12... Nb6 13. Bb3 Bd7 14. Ne5 $13) 11... Nxc5 12. Rfd1 b6 $1 $13 (12... Bd7 13. b4 (13. Ne5 $5) 13... Na6 14. Qb3 $14) 13. Na4 (13. e4 Bb7 14. Bh6 Qb8 15. Bxg7 Kxg7 $132) 13... Qc7 14. Bf1 Na6 15. Qxc7 Nxc7 16. Rac1 Ncd5 17. Nc3 (17. Bd3 $5 {(18.e4)} Bd7 18. b3 $14) 17... Bb7 1/2-1/2

[Event "Madrid"]
[Site "Madrid"]
[Date "1995.??.??"]
[Round "5"]
[White "Jussupow, Artur"]
[Black "Beliavsky, Alexander G"]
[Result "1-0"]
[WhiteElo "2660"]
[BlackElo "2650"]
[Annotator "ChessBase"]
[PlyCount "85"]
[EventDate "1995.05.??"]
[EventType "tourn"]
[EventRounds "9"]
[EventCountry "ESP"]
[EventCategory "16"]
[SourceTitle "CBM 047"]
[Source "ChessBase"]
[SourceDate "1995.08.01"]
[SourceVersion "1"]
[SourceVersionDate "1995.08.01"]
[SourceQuality "1"]

1. d4 d5 2. c4 c6 3. Nc3 Nf6 4. e3 e6 5. b3 c5 ({RR} 5... Nbd7 6. Bb2 b6 7. Bd3 Bb7 8. Nf3 Bd6 9. O-O O-O 10. Rc1 Qe7 11. Re1 h6 12. e4 dxe4 13. Nxe4 Nxe4 14. Bxe4 Rfd8 15. Bb1 Ba3 16. Qc2 Nf6 17. c5 Bxb2 18. Qxb2 bxc5 19. dxc5 a5 20. a3 {Jussupow,A (2589)-Guliyev,N (2510) Germany 2010 ½-½ (37)}) 6. Bb2 ({RR} 6. cxd5 Nxd5 7. Nxd5 Qxd5 8. Nf3 cxd4 9. Bc4 Bb4+ 10. Ke2 Qd8 11. Qxd4 Qxd4 12. Nxd4 O-O 13. Bb2 Nd7 14. a3 Be7 15. Rhd1 Nb6 16. Bd3 Bf6 17. Be4 e5 18. Nb5 Be6 19. Rd3 Rad8 20. Rad1 Rxd3 {Sattarov,D (2134)-Timerkhanov,A (2275) St Petersburg RUS 2025 ½-½ (60)}) 6... cxd4 7. exd4 Bb4 $146 ({RR} 7... Nc6 8. Nf3 Be7 9. Rc1 Ne4 10. Bd3 Nxc3 11. Bxc3 Ba3 12. Ra1 Bb4 13. Bxb4 Nxb4 14. Bb1 Nc6 15. O-O O-O 16. Qd3 g6 17. Qe3 Bd7 18. Bd3 Qf6 19. Rac1 Rfe8 20. Ne5 Qd8 21. f4 f6 22. Nf3 {Moiseenko,A (2646)-Illescas Cordoba,M (2598) Heraklion 2007 0-1 (56)}) ({RR} 7... Nc6 8. Nf3 Bb4 9. Bd3 Ne4 10. Qc1 Nxc3 11. Bxc3 Qa5 12. Kd2 dxc4 13. bxc4 O-O 14. a3 Bxc3+ 15. Qxc3 Qc7 16. Rhd1 Qf4+ 17. Ke1 e5 18. dxe5 Bg4 19. Be2 Bxf3 20. Bxf3 Nxe5 21. Bxb7 Ng4 22. Qf3 {Carlsen,M (2847)-Dubov,D (2710) chess24.com INT 2021 ½-½}) 8. a3 Bxc3+ 9. Bxc3 dxc4 10. bxc4 Ne4 11. Rc1 Nxc3 12. Rxc3 Qa5 13. Qd2 O-O 14. Nf3 Rd8 15. Bd3 Nd7 16. O-O b6 17. Re1 Bb7 18. Ne5 h6 19. Qc2 Rac8 20. Bh7+ Kf8 21. Nxf7 Nf6 (21... Kxf7 22. Qg6+ Kf8 23. Qxe6 $18) 22. Nxd8 Rxd8 23. Re5 Qa6 24. d5 exd5 25. h3 dxc4 26. Rg3 b5 27. Bf5 Bd5 28. Qc3 Qd6 29. Bg6 a6 30. Rge3 Bf7 31. Bxf7 Kxf7 32. Re1 Rd7 33. a4 Qc6 34. axb5 axb5 35. Qb4 Nd5 36. Rf5+ Kg8 37. Rf8+ Kh7 38. Qb1+ g6 39. Ree8 Nf6 40. Rc8 Qa6 41. Qe1 Qd6 42. Qc3 Qf4 43. Qa1 1-0

[Event "Comet Open Titled Winners"]
[Site "chess.com INT"]
[Date "2025.10.18"]
[Round "1.2"]
[White "Naroditsky, D."]
[Black "Bluebaum, M."]
[Result "1-0"]
[WhiteElo "2619"]
[BlackElo "2687"]
[PlyCount "67"]
[EventDate "2025.10.18"]
[EventType "k.o."]

1. d4 d5 2. c4 e6 3. Nc3 Bb4 4. a3 Bxc3+ 5. bxc3 Nf6 6. e3 c6 7. Bd3 e5 8. Ne2 e4 9. Bc2 O-O 10. O-O b6 11. f3 Ba6 12. cxd5 cxd5 13. Rf2 Nc6 ({RR} 13... exf3 14. gxf3 Re8 15. Ng3 h5 16. e4 dxe4 17. fxe4 h4 18. Nf5 Bb7 19. Bg5 Bxe4 20. Nxg7 Bxc2 21. Qxc2 Qd5 22. Bxf6 Re4 23. Nf5 Kf8 24. Bg7+ Kg8 25. Be5 Nc6 26. Rg2+ Kf8 27. c4 Nxd4 28. cxd5 {Bok,B (2590)-Bluebaum,M (2679) chess.com INT 2025 1-0 (37)}) 14. Ng3 Re8 15. fxe4 dxe4 16. Nh5 $146 ({RR} 16. Nf5 Rc8 17. Ba4 Qd5 18. Bb3 Bc4 19. Bxc4 Qxc4 20. Nd6 Qxc3 21. Bd2 Qd3 22. Nxc8 Rxc8 23. Rxf6 Nxd4 24. exd4 e3 25. Rf3 {1-0 (25) Hakobyan,A (2612)-Glavina,P (2415) chess.com INT 2023}) ({RR} 16. Nf5 Rc8 17. Ba4 Qd5 18. Bb3 Bc4 19. Bxc4 Qxc4 20. Nd6 Qxc3 21. Bd2 Qd3 22. Nxc8 Rxc8 23. Rxf6 Nxd4 24. exd4 e3 25. Rf3 {1-0 (25) Hakobyan,A (2612)-Glavina,P (2415) chess.com INT 2023}) ({RR} 16. Nf5 Rc8 17. Ba4 Qd5 18. Bb3 Bc4 19. Bxc4 Qxc4 20. Nd6 Qxc3 21. Bd2 Qd3 22. Nxc8 Rxc8 23. Rxf6 Nxd4 24. exd4 e3 25. Rf3 {1-0 (25) Hakobyan,A (2612)-Glavina,P (2415) chess.com INT 2023}) ({RR} 16. Nf5 Rc8 17. Ba4 Qd5 18. Bb3 Bc4 19. Bxc4 Qxc4 20. Nd6 Qxc3 21. Bd2 Qd3 22. Nxc8 Rxc8 23. Rxf6 Nxd4 24. exd4 e3 25. Rf3 {1-0 (25) Hakobyan,A (2612)-Glavina,P (2415) chess.com INT 2023}) 16... Nd5 17. Qg4 g6 18. Bb3 Bc8 19. Qg3 Be6 20. c4 Nde7 21. Nf6+ Kg7 22. Nxe8+ Qxe8 23. d5 Nf5 24. Bb2+ Kg8 25. Qg5 Qd8 26. Qxd8+ Nxd8 27. dxe6 Nxe6 28. Bc2 Nc5 29. Bd4 Rc8 30. Bxc5 Rxc5 31. Bxe4 Nxe3 32. Re1 Nxc4 33. Rc2 b5 34. Bd3 1-0

[Event "World-ch31-KK2 Kasparov-Karpov +5-3=16"]
[Site "Moscow"]
[Date "1985.10.31"]
[Round "21"]
[White "Kasparov, Garry"]
[Black "Karpov, Anatoly"]
[Result "1/2-1/2"]
[WhiteElo "2700"]
[BlackElo "2720"]
[Annotator "ChessBase"]
[PlyCount "88"]
[EventDate "1985.09.03"]
[EventType "match"]
[EventRounds "24"]
[EventCountry "URS"]
[SourceTitle "MainBase"]
[Source "ChessBase"]
[SourceDate "1999.07.01"]
[SourceVersion "2"]
[SourceVersionDate "1999.07.01"]
[SourceQuality "1"]

1. d4 d5 2. c4 e6 3. Nc3 Be7 4. cxd5 exd5 5. Bf4 c6 6. e3 Bf5 7. g4 Be6 8. h4 Nd7 9. h5 Nh6 10. Be2 Nb6 11. Rc1 (11. Nh3 $6 g5 $1 {Vaiser-Timoshenko/Taschkent/1987/i44/(480)}) ({RR} 11. Nh3 g5 12. hxg6 hxg6 13. a4 g5 14. Bg3 a5 15. f3 f5 16. Qb3 fxg4 17. fxg4 Nf7 18. O-O-O Bb4 19. Nf2 Rxh1 20. Rxh1 Qe7 21. Nfd1 O-O-O 22. Na2 Nc4 23. Nxb4 axb4 24. Qc2 Na5 25. Kb1 c5 {LCZero 0.31-dag-c93c6a8-BT4-6 (3652)-Stockfish dev-20250118-8e3e22 (3683) tcec-chess.com INT 2025 ½-½ (45)}) ({RR} 11. Nh3 g5 12. hxg6 hxg6 13. Ng1 g5 14. Bg3 Qd7 15. Rc1 Nc4 16. Qb3 Bd6 17. Bxd6 Nxd6 18. Na4 O-O-O 19. Nc5 Qe7 20. Qa4 Kb8 21. Nxe6 Qxe6 22. Qd1 f5 23. gxf5 Nhxf5 24. Rxh8 Rxh8 25. Bf3 Rh2 {Hebbar,E (2233)-Atwell,R (2290) New York USA 2026 0-1}) 11... Bd6 $146 (11... Nc4 12. Bxc4 dxc4 13. Bxh6 gxh6 $13 {Kasparov}) ({RR} 11... Nc4 12. b3 Nd6 13. Nh3 Ne4 14. Nxe4 dxe4 15. Kf1 a5 16. Rg1 g5 17. hxg6 hxg6 18. Rh1 g5 19. Bg3 Qd7 20. Ng1 O-O-O 21. Qd2 Bb4 22. Qc2 f6 23. a3 Bxa3 24. Ra1 Bb4 25. Rxa5 Bxa5 26. Qa2 {Batsiashvili,N (2428)-Kuchava,A (2149) Tbilisi 2014 0-1 (62)}) ({RR} 11... Qd7 12. g5 Nf5 13. Nf3 Bd6 14. Ne5 Qe7 15. h6 gxh6 16. gxh6 Rg8 17. Bd3 Bxe5 18. dxe5 Qb4 19. Qc2 d4 20. Bxf5 Bxf5 21. Qxf5 dxc3 22. bxc3 Qb2 23. Qc2 Qxc2 24. Rxc2 Nd5 25. Bh2 O-O-O 26. e4 {Kantor,G (2371)-Betaneli,A (2247) Budapest 2013 ½-½ (47)}) 12. Nh3 Bxf4 13. Nxf4 Bd7 $14 14. Rg1 g5 15. hxg6 hxg6 16. Kd2 Qe7 17. b3 g5 18. Nd3 O-O-O 19. Rh1 f6 20. Qg1 Nf7 21. Qg3 Qd6 22. Qxd6 Nxd6 23. f3 Rdg8 24. Nc5 Kd8 25. Bd3 Bc8 26. Ne2 Na8 27. Bh7 Rf8 28. Rh6 Nc7 29. Ng3 Nf7 30. Rh2 Ne6 31. Nd3 Ng7 32. Rch1 Ke7 33. Nf2 Rd8 34. Bf5 Rxh2 35. Rxh2 Nxf5 36. gxf5 Rh8 37. Rxh8 Nxh8 38. e4 Nf7 39. Ng4 Nd6 40. Ne3 dxe4 41. fxe4 b6 42. b4 Ba6 43. Ng4 Nb5 44. Kd3 Na3+ 1/2-1/2

[Event "Dortmund"]
[Site "Dortmund"]
[Date "1992.??.??"]
[Round "8"]
[White "Shirov, Alexei"]
[Black "Piket, Jeroen"]
[Result "1/2-1/2"]
[WhiteElo "2655"]
[BlackElo "2615"]
[Annotator "Kortschnoj,Viktor Lvovich"]
[PlyCount "82"]
[EventDate "1992.04.16"]
[EventType "tourn"]
[EventRounds "9"]
[EventCountry "GER"]
[EventCategory "17"]
[SourceTitle "CBM 029"]
[Source "ChessBase"]
[SourceDate "1992.08.01"]
[SourceVersion "1"]
[SourceVersionDate "1992.08.01"]
[SourceQuality "1"]

1. d4 d5 2. c4 e6 3. Nc3 Bb4 {Not exactly theoretical,but still possible way of development.} 4. a3 Bxc3+ 5. bxc3 Ne7 6. e4 $1 {Looks very strong-white,it seems,refutes the black set-up.} dxe4 7. Qg4 O-O 8. Qxe4 c5 9. Nf3 Nbc6 10. Be2 $146 {Or 10.Ld3 Sg6 11.h4 f5 12.De3 f5! and black achieves equal chances.} ({RR} 10. Bd3 Ng6 11. O-O Re8 12. Rd1 f5 13. Qe2 e5 14. dxe5 Ncxe5 15. Bxf5 Qe7 16. Nxe5 Bxf5 17. f4 Nxe5 18. fxe5 Qxe5 19. Qxe5 Rxe5 20. Rd5 Rxd5 {½-½ (20) Beliavsky,A (2650)-Polgar,J (2630) Madrid 1995}) 10... Ng6 11. O-O Bd7 12. a4 e5 $1 13. Nxe5 Ncxe5 14. dxe5 Bc6 15. Qe3 Nxe5 $1 16. Qxe5 {16.Dc5 would be more ambitious} Re8 17. Qh5 g6 18. Qxc5 Rxe2 19. Be3 Qe8 20. Rae1 Rxe1 21. Rxe1 a6 22. f3 Qf8 23. Qd4 Re8 24. a5 Qe7 25. Kf2 f6 {White`s advantage is hardly possible to transform into win} 26. Bd2 Qf7 27. Rxe8+ Bxe8 28. Bh6 Qe7 29. h4 Bc6 30. Bf4 Kf7 31. g4 Qd7 32. Bd6 Qe6 33. Qf4 h6 34. Qd4 h5 35. g5 fxg5 36. hxg5 Qf5 37. Bf4 h4 38. c5 Qc2+ 39. Kg1 Qb1+ 40. Kh2 Qf5 41. Qe5 Qe6 1/2-1/2